000
00325nam a22001457a 4500
008
210303b ||||| |||| 00| 0 eng d
020
_a
9780673990754
041
_a
eng
080
_2
7th
_a
611
082
_a
611
100
_a
6
101
_a
ANA
245
_a
Principles of Human Anatomy
_c
Tortora, G. J
942
_2
udc
_c
BK
999
_c
55672
_d
55672